[Event "Sarajevo Bosnia 30th"]
[Site "Sarajevo"]
[Date "2000.05.21"]
[Round "5"]
[White "Kasparov, Garry"]
[Black "Sokolov, Ivan"]
[Result "1-0"]
[WhiteElo "2851"]
[BlackElo "2637"]
[Annotator "Blatny,P"]
[PlyCount "51"]
[EventDate "2000.05.17"]
[EventType "tourn"]
[EventRounds "11"]
[EventCountry "BIH"]
[EventCategory "19"]
[SourceTitle "CBM 077"]
[Source "ChessBase"]
[SourceDate "2000.07.27"]
[SourceVersion "1"]
[SourceVersionDate "2000.07.27"]
[SourceQuality "1"]

1. e4 e5 2. Nf3 Nf6 3. Nxe5 d6 4. Nf3 Nxe4 5. d4 d5 6. Bd3 Be7 7. O-O Nc6 8. c4
Nb4 9. Be2 O-O 10. Nc3 Bf5 11. a3 Nxc3 12. bxc3 Nc6 13. Re1 Bf6 14. Bf4 Ne7 $6
(14... Na5 15. cxd5 Qxd5 16. Bf1 b6 17. Ne5 Rad8 18. g4 Be4 19. Qe2 Bxe5 20.
Bxe5 Nb3 21. Ra2 Bf3 22. Qe3 Na5 23. Rc2 f6 24. Bxc7 $14 {Anand,V-Sokolov,I/
Chess@iceland rapidplay Group B, Kopavo 2000/1-0 (56)}) 15. Qb3 $14 b6 (15...
Rb8 16. Be5 $14) 16. cxd5 Nxd5 17. Be5 Bg4 $6 (17... c6 $142 18. c4 Nc7 19. Bd3
$14) 18. Rad1 Be7 $6 19. h3 Bh5 20. g4 $1 $16 Bg6 21. Bg3 (21. Bb5 $5) 21...
Nf6 (21... a5 22. a4 Nf6 23. Ne5 $36) 22. Ne5 Ne4 $2 (22... Be4 $142) 23. Bf3
$18 (23. Nxg6 hxg6 24. Bf3 Nxg3 25. Bxa8 Qxa8 26. fxg3 Qf3 27. Rxe7 Qxg3+ 28.
Kf1 Qxh3+ 29. Ke2 Qxg4+ 30. Kd2 Qg5+ 31. Re3 $18) 23... Nxg3 (23... Bd6 24.
Bxe4 Bxe4 25. Rxe4 $18) 24. Nc6 $1 (24. fxg3 Qd6) 24... Qd6 25. Nxe7+ (25. Rxe7
$6 Qf4 26. Qd5) 25... Kh8 26. Bxa8 (26. Bxa8 Rxa8 27. Nxg6+ (27. fxg3 $4 Qxg3+
28. Kf1 Qf3+ 29. Kg1 Qg3+ 30. Kf1 Qf3+ 31. Kg1 Qg3+ $11) 27... Qxg6 (27... fxg6
28. Qf7 h5 29. Re7 Rg8 30. Rd3 $18) (27... hxg6 28. Qxf7 Rf8 (28... Qc6 29.
fxg3 Qxc3 30. Kg2 $18) 29. Re8 Ne2+ 30. Kf1 $18) 28. fxg3 $18) 1-0

[Event "Sarajevo Bosnia 30th"]
[Site "Sarajevo"]
[Date "2000.05.23"]
[Round "6"]
[White "Morozevich, Alexander"]
[Black "Shirov, Alexei"]
[Result "1/2-1/2"]
[WhiteElo "2748"]
[BlackElo "2751"]
[Annotator "Blatny,P"]
[PlyCount "55"]
[EventDate "2000.05.17"]
[EventType "tourn"]
[EventRounds "11"]
[EventCountry "BIH"]
[EventCategory "19"]
[SourceTitle "CBM 077"]
[Source "ChessBase"]
[SourceDate "2000.07.27"]
[SourceVersion "1"]
[SourceVersionDate "2000.07.27"]
[SourceQuality "1"]

1. e4 e5 2. Nf3 Nf6 3. Nxe5 d6 4. Nf3 Nxe4 5. Bd3 d5 6. Qe2 Qe7 7. O-O Nc5 (
7... Nd6 8. Qd1 Qd8 9. Nc3 c6 10. Re1+ Be7 11. Qe2 Bg4 12. b3 Nd7 13. Bb2 Nc5
14. Na4 Bxf3 15. Qxf3 Nxd3 16. cxd3 {1/2-1/2 Morozevich,A-Kramnik,V/Corus Wijk
aan Zee NED 2000}) 8. Re1 Be6 (8... Qxe2 9. Bxe2 Ne6 (9... Be7 10. d4 Ne4 11.
c4 Be6 12. cxd5 Bxd5 13. Bd3 Nf6 14. Nc3 Bxf3 15. gxf3 a5 16. Bf4 $14 {
Pihlajasalo,A-Le Thi Phuong Lien/Budapest - FS-12 IM-B 1997/Rebel - Century/
1-0 (33)}) 10. d4 c6 11. c4 Bb4 12. Nc3 dxc4 (12... O-O 13. a3 Bxc3 14. bxc3 b6
15. Ne5 Rd8 16. a4 f6 17. Ng4 Kf7 18. a5 Na6 19. Ne3 Nac7 20. Rb1 Rb8 21. axb6
axb6 22. c5 $16 {Romero Holmes,A-Garcia Padron,J/Las Palmas 1991/Rebel -
Century/1-0 (61)}) 13. Bxc4 O-O 14. a3 Ba5 15. Ne5 Re8 16. b4 Bd8 17. d5 cxd5
18. Bxd5 $14 {Illescas Cordoba,M-Karpov,A/Barcelona m C.Falcon-mem g30 rapid 
[Aj 1999/1/2-1/2 (47)}) (8... c6 9. Qd1 Ne6 10. c3 $14) 9. Bb5+ c6 10. d4 cxb5
11. dxc5 Nc6 (11... a6 $6) 12. Be3 (12. Qxb5 $5) 12... a6 13. a4 b4 14. c3 a5 (
14... bxc3 15. Nxc3 Qc7 16. Nd4 Nxd4 17. Bxd4 $14) 15. cxb4 axb4 16. Nbd2 Qd7
17. Rad1 Be7 (17... Rxa4 18. Nc4 Ra2 19. Nb6 $36) 18. Nc4 Qd8 (18... Rxa4 $4
19. Nb6 Qc7 20. Nxa4 $18) 19. Nd4 (19. Nb6 Ra5 {[%csl Rb6,Rc5][%cal Ra5c5,
Re7c5]}) 19... O-O (19... Nxd4 20. Bxd4 (20. Rxd4 $143 Bxc5 21. Rd2 Rc8 $13)
20... O-O 21. Nb6 {[+]}) 20. Nb6 Ra5 21. Nb3 (21. Nxe6 $6 fxe6 22. b3 d4 $132)
21... Ra6 22. Qf3 {[%csl Yd5][%cal Gd1d5,Gf3d5,Gb6d5,Re6d5,Rd8d5]} Bf6 (22...
Ne5 $6 23. Qg3 Ng4 24. Nxd5 $16) 23. Bd4 (23. Nxd5 Bxd5 24. Rxd5 Qa8 $14) 23...
Nxd4 24. Nxd4 Bxd4 25. Rxd4 Qc7 26. Rxb4 Qxc5 27. Rb5 Qc6 28. Nxd5 (28. Nxd5
Bxd5 29. Rxd5 Rxa4 $11) 1/2-1/2

[Event "Amsterdam Euwe Memorial"]
[Site "Amsterdam"]
[Date "1994.05.17"]
[Round "5"]
[White "Kasparov, Garry"]
[Black "Timman, Jan H"]
[Result "1-0"]
[WhiteElo "2805"]
[BlackElo "2620"]
[Annotator "Blatny,P"]
[PlyCount "59"]
[EventDate "1994.05.12"]
[EventType "tourn"]
[EventRounds "6"]
[EventCountry "NED"]
[EventCategory "18"]
[SourceTitle "CBM 041"]
[Source "ChessBase"]
[SourceDate "1994.08.01"]
[SourceVersion "1"]
[SourceVersionDate "1994.08.01"]
[SourceQuality "1"]

1. e4 {Ftacnik} e5 2. Nf3 Nf6 3. Nxe5 d6 4. Nf3 Nxe4 5. d4 d5 6. Bd3 Nc6 7. O-O
Be7 8. Re1 Bg4 9. c4 Nf6 10. Nc3 dxc4 (10... O-O $142) 11. Bxc4 O-O 12. d5 $1 (
12. Be3 {Ftacnik} Bxf3 13. Qxf3 Nxd4 $10) 12... Na5 (12... Nb8 {/\Nd7[+]}) (
12... Nb4 13. a3 Bxf3 14. gxf3 Na6 15. Qe2 Bc5 16. Bxa6 bxa6 $14) 13. Bd3 c6
14. h3 (14. dxc6 Nxc6 $10) 14... Bh5 (14... Bxf3 $2 15. Qxf3 Nxd5 (15... cxd5 {
Ftacnik} 16. Bg5 Nc6 17. Bxf6 Bxf6 18. Nxd5 $14 {Gutman - Hergott, Graz 1987;
Yusupov}) 16. Nxd5 cxd5 $8 17. Re5 $1 d4 18. Rd5 $1 Qc7 (18... Qb6 19. Qe4 $18)
19. Bf4 $18) 15. Re5 $1 Bg6 (15... cxd5 $2 16. Nxd5 Bxf3 17. Qxf3 $16) (15...
Bd6 $5 16. Rxh5 $1 Nxh5 17. Bxh7+ Kxh7 (17... Kh8 18. Ng5 Nf6 (18... g6 19.
Nxf7+ Rxf7 20. Bxg6) 19. Qa4 $1) 18. Ng5+ Kg6 19. Qd3+ f5 20. Ne6 Qf6 (20...
Qb8 $5 21. g4 Nf4 22. Bxf4 Bxf4 23. Nxf8+ Qxf8 24. b4 $1 $36 {עg6}) (20... Re8
{Ftacnik} 21. g4 Qf6 22. gxh5+ Kxh5 23. Bg5 Qf7 $13) 21. g4 $1 $44 Rh8 22. Bg5
Qf7 23. Ne4 $3 Bc7 24. Nf6 $1 $18 {/\Qf5#}) (15... h6 $5 {Ftacnik} 16. g4 $5
Bg6 17. Bxg6 fxg6 18. Nd4 $13) 16. Bg5 (16. Bxg6 {Ftacnik} hxg6 17. d6 Bxd6 18.
Rxa5 Qxa5 (18... Ne4 $5 19. Qb3 (19. Nxe4 Bh2+ 20. Kxh2 Qxd1 21. Nc3 Qc2 $15) (
19. Qa4 Nxc3 20. bxc3 b5 21. Qh4 Be7 $1) (19. Qe1 $1 $16) 19... Qxa5 20. Nxe4
$16) 19. Qxd6 $16) 16... Bd6 (16... cxd5 17. Bxg6 hxg6 18. Nxd5 $14) (16...
Nxd5 17. Bxe7 Nxe7 18. Bxg6 $18) 17. Re2 Bb4 18. Bxf6 (18. Bxg6 {Ftacnik} hxg6
19. Bxf6 gxf6 20. Ne4 cxd5 21. Qxd5 f5 $1) (18. Rc1 $5 {Ftacnik} Bxc3 19. Rxc3
Bxd3 20. Bxf6 Qxf6) 18... gxf6 (18... Qxf6 19. Bxg6 (19. Ne4 Qd8 $1) 19... hxg6
(19... Qxg6 20. Ne5 $1 {Ftacnik} (20. Qd4 c5 (20... Bd6 21. b4 $18) 21. Qf4 {
/\Rad1 +/=/+/-}) (20. Qa4 Bxc3 21. bxc3 Qd3 $1) 20... Qd6 (20... Qf5 21. Qa4
Bxc3 22. bxc3 b6 23. dxc6 $16) 21. dxc6 $16) 20. Ne4 Qd8 21. Qd4 $1 (21. d6 $1)
21... cxd5 22. Neg5 $18 {/\Qh4-h7#,Qb4+-}) 19. Rc1 Rc8 $2 (19... Bxc3 20. Rxc3
cxd5 (20... Qxd5 21. Rd2 $36) 21. Bxg6 {Kasparovs choice considering the
position during the game.} (21. Nd4 $16 {Ftacnik}) 21... hxg6 22. Rd3 (22. Nh4
Re8 (22... Rc8 23. Rxc8 Qxc8 24. Nxg6 $18) 23. Rxe8+ (23. Rg3 $5) 23... Qxe8
24. Nxg6 fxg6 25. Qxd5+ Kh8 26. Qxa5 Qe1+ 27. Kh2 Qxf2 $16 {Kasparov judged
this position 50% as won for White and 50% as a draw.}) 22... Nc6 23. Rxd5 Qb6
$14) 20. Ne4 f5 (20... cxd5 21. Rxc8 Qxc8 22. Nxf6+ Kh8 23. Bxg6 fxg6 24. Nxd5
Bd6 25. Qd4+ Kg8 26. Nf6+ $18) 21. Ng3 Qxd5 22. a3 Bd6 23. Nxf5 (23. b4 {
Ftacnik} Nb3 24. Bc4 Nxc1 $1 25. Bxd5 Nxe2+ 26. Nxe2 cxd5 $13) 23... Rcd8 $2 {
The last blunder, now it s an easy win for White.} (23... Bxf5 24. Bxf5 Qxf5 (
24... Qxd1+ 25. Rxd1 Rcd8 26. Rd4 $16 (26. b4 {Ftacnik} Nc4 27. Rd4 $16)) 25.
Qxd6 $16 {פa5}) (23... Nb3 {Best try (Kasparov).} 24. Re5 Bxe5 25. Ne7+ Kg7
26. Nxd5 Nxc1 27. Bxg6 $16 {Timman} cxd5 28. Nxe5 $1 (28. Bf5 Nb3 $1 29. Bxc8
Rxc8 30. Qxb3 Rc1+ $19) 28... hxg6 29. Qxd5 $16) 24. Re5 $1 {פa5,ףd5} Bxe5 (
24... Qb3 {Ftacnik} 25. Rxa5 Qxd1+ 26. Rxd1 Bc7 (26... b6 27. Nxd6 Rxd6 28. Rg5
$18) 27. Ne7+) (24... Qxe5 {Ftacnik} 25. Nxe5 Bxe5 26. Ne7+ Kg7 27. Nxg6 $18)
25. Ne7+ $18 Kg7 (25... Kh8 {Ftacnik} 26. Nxd5 Bxb2 27. Qe2 Bxc1 28. Qe5+ f6
29. Nxf6 Bh6 $8 30. Bxg6 hxg6 31. Nh4 $18) 26. Nxd5 Bxb2 (26... Rxd5 {Ftacnik}
27. Nxe5 Rxe5 28. Bxg6 hxg6 29. b4 $18) 27. Nf4 Bxd3 (27... Bxc1 28. Qxc1 Bxd3
29. Nh5+ Kh8 30. Qh6 $18) 28. Nxd3 Bxc1 (28... Rxd3 {Ftacnik} 29. Qxd3 Bxc1 30.
Qc3+ $18) 29. Qxc1 Rxd3 30. Qg5+ (30. Qg5+ {Ftacnik} Kh8 31. Qxa5 $18) 1-0

[Event "Budapest FS02 GM"]
[Site "Budapest"]
[Date "2000.02.12"]
[Round "8"]
[White "Ni, Hua"]
[Black "Ribshtein, Nati"]
[Result "1-0"]
[WhiteElo "2390"]
[BlackElo "2362"]
[Annotator "Blatny,P"]
[PlyCount "63"]
[EventDate "2000.02.05"]
[EventType "tourn"]
[EventRounds "13"]
[EventCountry "HUN"]
[EventCategory "9"]
[SourceTitle "CBM 076"]
[Source "ChessBase"]
[SourceDate "2000.05.31"]
[SourceVersion "1"]
[SourceVersionDate "2000.05.31"]
[SourceQuality "1"]

1. e4 e5 2. Nf3 Nf6 3. Nxe5 d6 4. Nf3 Nxe4 5. d4 d5 6. Bd3 Be7 7. O-O Nc6 8. c4
Nb4 9. Be2 O-O 10. Nc3 Be6 11. Ne5 f6 12. Nf3 (12. Bg4 Bxg4 (12... Bc8 13. Bxc8
Rxc8 14. Nd3 Nxc3 15. bxc3 Nxd3 16. Qxd3 c5 17. Be3 cxd4 18. Qxd4 Bc5 19. Qxd5+
Qxd5 20. cxd5 Bxe3 $15 {Zulfugarli,M-Motylev,A/Bydgoszcz Bank Pocztowy op 1999/
EXT 2000/0-1 (64)}) 13. Nxg4 dxc4 14. Nxe4 f5 15. Nd2 fxg4 16. Nxc4 c5 17. a3
Nc6 18. dxc5 Qxd1 19. Rxd1 Bxc5 20. Be3 Bxe3 21. Nxe3 h5 22. Rd5 {1/2-1/2
Anand,V-Kramnik,V/Chess Classics Giants 1st pl 1998/CBM 65 ext}) 12... c5 (
12... c6 13. Re1 Bf5 14. Nh4 Be6 15. a3 Na6 16. cxd5 Nxc3 17. bxc3 Qxd5 18. Rb1
Qd7 19. Bd3 g6 20. g3 Rfe8 21. Qa4 Bf8 22. Ng2 Nc5 23. dxc5 Qxd3 24. Be3 Qc2
25. Rxb7 Bd5 26. Rc7 {0-1 Malikov,S-Gagloshvili,R/RUS-chT 1996/EXT 99}) 13. Qb3
(13. a3 Nxc3 14. bxc3 Nc6 $11) 13... Nxc3 (13... Re8 14. Re1 $13) 14. bxc3 Nc6
(14... dxc4 15. Bxc4 Bxc4 16. Qxc4+ Qd5 17. Qe2 $14) 15. cxd5 (15. Qxb7 $5)
15... Na5 (15... Qxd5 $143 16. c4 (16. Qxb7 $6 Nxd4) 16... Qd8 17. d5 $16) 16.
Qc2 Qxd5 17. Bd3 Qh5 $2 (17... f5 $142 $14) 18. Re1 c4 19. Rxe6 $16 (19. Bxh7+
$5 Qxh7 20. Qxh7+ Kxh7 21. Rxe6 $18) 19... cxd3 20. Qxd3 Rfe8 21. Bd2 Bf8 22.
Rxe8 Rxe8 23. c4 Nc6 24. h3 Rd8 25. Bc3 Qc5 26. Qe2 (26. dxc5 $2 Rxd3 27. Bb2
Bxc5 $15) 26... Qa3 27. Qc2 a5 (27... b6 28. d5 Nb4 29. Bxb4 Qxb4 30. Nd4 $16)
28. d5 Nb4 29. Qb3 Nd3 (29... Qxb3 30. axb3 b6 31. Nd4 $18) 30. Rd1 Nf4 31.
Qxa3 Bxa3 32. Bxa5 (32. Bxa5 Rd7 33. Bb6 $18) 1-0

[Event "Linares 17th"]
[Site "Linares"]
[Date "2000.02.29"]
[Round "2"]
[White "Shirov, Alexei"]
[Black "Leko, Peter"]
[Result "1/2-1/2"]
[WhiteElo "2751"]
[BlackElo "2725"]
[Annotator "Blatny,P"]
[PlyCount "142"]
[EventDate "2000.02.28"]
[EventType "tourn"]
[EventRounds "10"]
[EventCountry "ESP"]
[EventCategory "21"]
[SourceTitle "CBM 076"]
[Source "ChessBase"]
[SourceDate "2000.05.31"]
[SourceVersion "1"]
[SourceVersionDate "2000.05.31"]
[SourceQuality "1"]

1. e4 e5 2. Nf3 Nf6 3. Nxe5 d6 4. Nf3 Nxe4 5. d4 d5 6. Bd3 Bd6 7. O-O O-O 8. c4
c6 9. Qc2 Na6 10. a3 (10. Bxe4 dxe4 11. Qxe4 Re8 12. Qd3 (12. Qc2 Nb4 13. Qd1
Bf5 $44) 12... Bg4 $36) 10... Bg4 (10... Re8 $144 11. Nc3 Bg4) 11. Ne5 (11.
Bxe4 dxe4 12. Qxe4 Bxf3 13. Qxf3 Qh4 $36) 11... Bxe5 12. dxe5 Nac5 13. f3 Nxd3
14. Qxd3 Nc5 15. Qd4 Nb3 16. Qxg4 Nxa1 17. Bh6 g6 18. Nc3 $5 (18. Bxf8 Qxf8 19.
cxd5 Qc5+ (19... cxd5 20. Qd4 Nc2 21. Qf2 Rc8 22. Qxa7 d4 23. Nd2 Qe7 24. f4
Ne3 25. Rb1 Qd7 26. Ne4 Kg7 27. Qb6 Rc6 28. Qb3 Qf5 29. Qd3 Rc2 30. Qxd4 Rxg2+
31. Kh1 Qh3 32. e6+ Kh6 {0-1 Ljubojevic,L-Hort,V/OHRA 1988/CBM 09}) (19... Nc2
$5) 20. Kh1 Qxd5 21. Nc3 Qb3 22. Qd7 Qxb2 23. e6 fxe6 24. Qxe6+ Kh8 25. Qe5+
Kg8 26. Rb1 $36 {Comp Genius 4 AMD-Comp Rebel 9 INTER/Debrecen op 1998/EXT
2000/1-0 (61)}) (18. cxd5 Qxd5 19. Nc3 Qc5+ 20. Kh1 Nb3 21. Bxf8 Rxf8 22. Qf4
Rd8 23. Ne4 Qb5 24. Rg1 Rd4 25. e6 fxe6 26. Qb8+ Kg7 27. Qc7+ Kh6 28. Qf4+ Kg7
29. Qc7+ Kh6 30. Qf4+ Kg7 31. Qf6+ Kg8 32. Qxe6+ Kg7 33. Qe7+ {1-0 Gipslis,
A-Giertz,N/Biel op MTO 1996/EXT 98}) 18... Qb6+ 19. Rf2 Rfe8 20. Qf4 f5 $6 (
20... Qc7 21. Re2 Re6 22. cxd5 cxd5 $13) 21. cxd5 Nb3 22. e6 (22. d6 Qc5 $13)
22... cxd5 23. Nxd5 Qxe6 24. Nc7 Qc6 25. Nxe8 (25. Nxa8 $4 Re1+ 26. Rf1 Qc5+
$19) 25... Rxe8 26. g4 $1 Qc5 (26... fxg4 27. fxg4 Re1+ 28. Rf1 Qc5+ 29. Kg2
$14) (26... Qd5 $142 27. Qc7 Qf7) 27. Kg2 $6 (27. Qa4 $1 Re1+ 28. Kg2 Qd5 (
28... Nd4 $2 29. Rd2 (29. Qd7 Ne6 (29... Re7 30. Qd8+ Kf7 31. Qf8+ Ke6 32. Bg5
$40) 30. gxf5 gxf5 (30... Qxf5 31. Qc8+ Kf7 32. Qxb7+ Kf6 33. h4 $40) 31. Qxb7
$18) 29... Ne6 (29... Nc6 30. Qb3+ Kh8 31. Qf7 $18) (29... fxg4 30. Qxd4 gxf3+
31. Kxf3 Qf5+ 32. Kg3 $18) 30. Qe8+ Qf8 31. Bxf8 (31. Qxf8+ Nxf8 32. Rd8 $18)
31... Nf4+ 32. Kg3 Rxe8 33. Bc5 $16) 29. Qxa7 $16) 27... Nd4 (27... b5 28. gxf5
Qxf5 29. Qxf5 gxf5 30. Kg3 $13) 28. b4 Qe5 29. Rd2 Qxf4 30. Bxf4 Ne6 31. Be3 a6
32. gxf5 Ng7 33. Bc5 Nxf5 34. a4 Ne3+ (34... b5 35. axb5 axb5 36. Rd7 $14) 35.
Kf2 Nc4 36. Rd7 Ne5 $1 (36... b5 37. axb5 axb5 38. h4 $14) 37. Rxb7 Nd3+ 38.
Kg3 Nxc5 39. bxc5 Rc8 40. Rb6 Rxc5 41. Rxa6 Kg7 $6 (41... Rg5+ $142 42. Kh3
Rh5+ 43. Kg3 Rg5+ 44. Kf4 Rh5 $11) 42. Ra7+ $14 Kh6 43. Rb7 Rg5+ 44. Kh3 Rh5+
45. Kg2 Rh4 (45... Ra5 46. Rb4 $16) 46. a5 Ra4 47. Rb5 g5 48. Rb6+ Kh5 49. a6
g4 50. f4 $1 Ra2+ (50... Rxf4 51. Rb5+ Kh4 52. Ra5 {[%cal Ga6a8]} Rf8 53. a7
Ra8 54. Ra4 h5 55. Ra5 $18) 51. Kg1 (51. Kf1 g3 $1 52. hxg3 Kg4 53. Ke1 Ra3 {
[%cal Ga3g3,Gg4f4]}) 51... g3 52. h3 (52. hxg3 Kg4 $11) 52... Rc2 53. Rb7 Ra2
54. Rg7 (54. Rxh7+ Kg6 55. Ra7 Kf5 $11) 54... Rxa6 55. Kg2 h6 56. Kxg3 Ra3+ 57.
Kg2 Ra2+ (57... Rxh3 $1 58. Kxh3 $11 (58. f5 Ra3 59. f6 Ra6 60. f7 Rf6 61. Kg3
Rf1 $11)) 58. Kf3 Kh4 59. f5 Kxh3 60. f6 Ra1 61. Kf4 Rf1+ (61... Kh4 $5) 62.
Ke5 h5 63. Rg5 h4 64. Rf5 Re1+ (64... Rxf5+ 65. Kxf5 Kg2 66. f7 h3 67. f8=Q h2
68. Kg4 h1=Q 69. Qf3+ Kg1 70. Qe3+ Kf1 71. Qc1+ Kg2 72. Qd2+ Kf1 73. Qd1+ Kg2
74. Qe2+ Kg1 75. Kg3 $18) 65. Kf4 (65. Kd6 Re8 66. Rg5 Kh2 67. f7 Rf8 68. Ke7
Rxf7+ 69. Kxf7 h3 70. Kf6 Kh1 71. Rg8 h2 72. Kg5 Kg2 73. Kf4+ Kf2 74. Ra8 h1=Q
75. Ra2+ Kf1 (75... Kg1 76. Kg3 $4 Qh8 $19) 76. Ra1+ Kg2 77. Rxh1 Kxh1 $11)
65... Rf1+ (65... Re8 $2 66. f7 Rf8 67. Kf3 Kh2 68. Kf2 Kh1 69. Rf3 Kh2 70. Kf1
h3 71. Kf2 $18) 66. Kg5 Rg1+ 67. Kh6 Rg8 68. Rg5 Rf8 69. Kg7 Ra8 70. f7 Kh2 71.
Kf6 (71. f8=Q Rxf8 72. Kxf8 h3 73. Kf7 Kh1 $11) 71... Rf8 1/2-1/2

[Event "MK Cafe Cup-A"]
[Site "Koszalin"]
[Date "1999.08.07"]
[Round "5"]
[White "Onischuk, Alexander"]
[Black "Sulskis, Sarunas"]
[Result "1-0"]
[WhiteElo "2657"]
[BlackElo "2521"]
[Annotator "Blatny,P"]
[PlyCount "92"]
[EventDate "1999.08.03"]
[EventType "swiss"]
[EventRounds "9"]
[EventCountry "POL"]
[SourceTitle "CBM 073"]
[Source "ChessBase"]
[SourceDate "1999.12.01"]
[SourceVersion "1"]
[SourceVersionDate "1999.12.01"]
[SourceQuality "1"]

1. e4 e5 2. Nf3 Nf6 3. Nxe5 d6 4. Nf3 Nxe4 5. d4 d5 6. Bd3 Be7 7. O-O O-O 8. c4
c6 (8... Nf6 $142) 9. Re1 ({Eine ähnliche Idee wie in dieser Partie (zuerst f5
provozieren und dann die geschwächte Diagonale a2-g8 ausnutzen) war erstmals
in folgendem Beispiel zu sehen:} 9. Qc2 f5 10. Nc3 Kh8 $6 (10... Na6 $5 11. a3
(11. Qb3 Nb4) 11... Be6 {/\Nc7}) 11. Qb3 $1 dxc4 12. Bxc4 Nd7 (12... Nd6 $142)
13. Re1 Nd6 14. Bd3 f4 15. Qc2 $1 $16 g6 16. b3 Nb6 17. Ba3 Bf5 18. Qe2 $1 Nbc8
19. Bxf5 Nxf5 20. Qe5+ Kg8 21. Bxe7 Nfxe7 22. Ng5 Rf5 23. Qe6+ Kg7 24. Qxf5 $1
{1-0 Mortensen,E-Agdestein,S/Gausdal 1982/MCL Wahrscheinlich hat sich Onischuk
hier inspiriert; in seiner Ausführung sieht diese Idee aber noch stärker aus.})
9... Be6 (9... Nf6 $142 10. cxd5 (10. Ne5 Be6 11. c5 $6 (11. Qb3 $142) 11... b6
12. cxb6 axb6 13. Nc3 c5 14. Bc2 Qc8 15. Bg5 Nc6 16. Ne2 Nb4 (16... h6 $142)
17. Ba4 Qa6 $6 18. Nc3 cxd4 19. Qxd4 Bc5 20. Qh4 $36 {1-0 Makropoulou,
M-Amendola,K/Athens 1992/TD (29)}) 10... cxd5 (10... Nxd5) 11. Bg5 h6 12. Bh4
Nc6 13. Qb3 Qc7 $2 14. Nc3 Be6 15. Rac1 Qd7 16. Bb5 a6 $2 (16... Rac8 $16) 17.
Ne5 Qd6 18. Bxc6 bxc6 19. Bg3 $18 {1-0 Berescu,A-Hopper,P/Mamaia 1991/EXT 97 
(27)}) 10. Qc2 $1 {[%mdl 4]} ({Das verlockende} 10. Qb3 $6 {ist wegen} dxc4 $1
11. Bxc4 (11. Qxb7 $2 cxd3 12. Qxa8 Qb6 13. Rxe4 Na6 14. Qxf8+ Bxf8 15. Nc3 Nb4
$36) 11... Bxc4 12. Qxb7 (12. Qxc4 Nd6 13. Qb3 Nd7 $11) 12... Nd7 13. Rxe4 Bd5
14. Re1 (14. Re3 $2 Bxf3 15. Rxf3 (15. gxf3 $2 Bg5 16. Nc3 $17) 15... Ne5 $36)
14... Bxf3 15. gxf3 Bf6 {gut fuer Schwarz.}) 10... f5 11. Nc3 Nd7 ({Nach dem
Textzug entsteht eine schlechte Stellung für Schwarz, aber auch die
interessante Möglichkeit} 11... dxc4 $5 12. Bxe4 Bc8 $5 {war nicht besser.} (
12... fxe4 $4 13. Qxe4 Rf6 14. Ng5 $18) {Hier behaelt Weiss den Vorteil mit}
13. Bxc6 ({Oder} 13. Qe2 fxe4 14. Qxc4+ Kh8 15. Ne5 Qe8 16. Nxe4 $18) 13...
Nxc6 14. Qe2 $1 Bd6 15. Qxc4+ Kh8 16. d5 $18) 12. cxd5 cxd5 13. Qb3 $1 Kh8 (
13... Ndf6 14. Qxb7 Ng4 15. Re2 Bh4 16. g3 Bf6 17. h3 $18) 14. Nxe4 fxe4 (14...
dxe4 15. Qxe6 Bb4 16. Bxe4 Rf6 (16... Bxe1 17. Bxb7 Rb8 18. Bc6 $18) 17. Qb3
Bxe1 18. Bxb7 Rb8 (18... Rb6 19. Ng5 Qe7 $8 20. Qh3 $1 Rh6 $8 21. Qe3 $1 (21.
Nf7+ Qxf7 22. Bxh6 Bxf2+ 23. Kxf2 Rb8 24. Bc6 Rxb2+ 25. Kg1 gxh6 26. Qxh6 $18 {
_|_}) 21... Re8 $8 22. Qxe7 Rxe7 23. Nf7+ $1 Rxf7 24. Bxh6 Bxf2+ 25. Kxf2 gxh6
26. Re1 $18)) 15. Bxe4 dxe4 16. Qxe6 exf3 17. Qxe7 Nb6 18. Qxd8 Raxd8 19. gxf3
Rxd4 (19... Rxf3 20. Re7 $18) 20. Be3 $18 {_|_ Weiss hat einen Mehrbauern,
dazu noch einen starken Läufer gegen einen schwachen Springer (Bauern auf
beiden Flügeln, Schwäche a7). Das soll zum technischen Gewinn reichen und
Onischuk zeigt in weiterem Verlauf eine hervorragende Technik:} Rd7 21. Rad1 $1
Rdf7 (21... Rfd8 $4 22. Rxd7 Nxd7 23. Rd1 $18) 22. Bc5 Ra8 23. Rd3 h6 (23...
Nd7 24. Bxa7 Kg8 (24... Rxa7 $2 25. Rxd7 $18) 25. Ra3 $18) 24. Rde3 Na4 (24...
Nd5 25. Re8+ Rxe8 26. Rxe8+ Kh7 27. Rd8 $18) 25. Ba3 Rd8 26. b3 Nb6 27. Bc5 Rd5
28. Re5 Rxe5 (28... Rxf3 29. Bxb6 Rxe5 30. Rxe5 axb6 31. Re7 $18) 29. Rxe5 Rc7
(29... Nd7 30. Re8+ Kh7 31. Bxa7 Rxf3 32. Be3 Rf7 33. a4 $18) 30. Bxb6 $1 axb6
31. Rb5 Rc6 32. f4 Kg8 33. Kg2 Kf7 34. Kf3 Kf6 35. Ke4 Re6+ 36. Kd4 g6 37. a4
h5 38. h4 Re2 (38... Rc6 39. Ke4 Re6+ 40. Re5 Rc6 41. f5 g5 (41... gxf5+ 42.
Rxf5+ Kg6 43. Rg5+ Kh6 44. f4 Rc3 (44... Re6+ 45. Re5 Rc6 46. Kf5 $18) 45. Rb5
Rc6 46. Rd5 Kg6 47. Ke5 $18)) 39. Rxb6+ Kf5 40. Rxb7 Rxf2 41. Ke3 Rh2 42. Rb5+
Kg4 (42... Kf6 43. a5 Rxh4 44. a6 $18) 43. Rg5+ Kxh4 44. Kd4 (44. Rxg6 $2 Rh3+)
44... Rf2 45. Rxg6 Rxf4+ 46. Kc5 Rg4 (46... Rg4 47. Rd6 $18) 1-0

[Event "Linares 17th"]
[Site "Linares"]
[Date "2000.03.01"]
[Round "3"]
[White "Kasparov, Garry"]
[Black "Kramnik, Vladimir"]
[Result "1/2-1/2"]
[WhiteElo "2851"]
[BlackElo "2758"]
[Annotator "Blatny,P"]
[PlyCount "42"]
[EventDate "2000.02.28"]
[EventType "tourn"]
[EventRounds "10"]
[EventCountry "ESP"]
[EventCategory "21"]
[SourceTitle "CBM 076"]
[Source "ChessBase"]
[SourceDate "2000.05.31"]
[SourceVersion "1"]
[SourceVersionDate "2000.05.31"]
[SourceQuality "1"]

{[%mdl 8]} 1. e4 e5 2. Nf3 Nf6 3. Nxe5 d6 4. Nf3 Nxe4 5. d4 d5 6. Bd3 Nc6 7.
O-O Be7 8. c4 Nb4 9. Be2 O-O 10. Nc3 (10. a3 Nc6 11. cxd5 Qxd5 12. Nc3 Nxc3 13.
bxc3 Bf5 14. Bf4 Na5 15. Re1 (15. Bxc7 b6 16. c4 Nxc4 17. Qb3 Be6 18. Bxc4 Qxc4
19. Qxc4 Bxc4 20. Rfe1 Rfe8 21. Nd2 Be6 22. Ne4 Rec8 23. Rec1 Bd5 24. Nd6 Bxd6
{1/2-1/2 Lytchak,B-Simon,H/NRW-Liga II 9899 1999/EXT 2000}) 15... Bd6 16. Ne5
Rad8 17. a4 {1/2-1/2 Ivanchuk,V-Kramnik,V/Dortmund 1998/CBM 66}) 10... b6 $146
(10... Bg4 11. a3 Nxc3 12. bxc3 Nc6 13. Rb1 Rb8 14. Re1 Bf6 15. Bf4 Ne7 16. h3
Be6 17. c5 b6 18. cxb6 axb6 19. Bd3 h6 20. Qc2 $14 {Krieger,H-Reimer,E/Brocco
op 1990/EXT 97/0-1 (58)}) (10... Nf6 11. a3 Nc6 12. c5 Ne4 13. Qc2 Bg4 14. Be3
Nxc3 15. Qxc3 Bf6 16. h3 Bh5 17. b4 h6 18. b5 Ne7 19. g4 Bg6 20. h4 $36 {
Leyva,H-Charon,M/Havana op 1992/EXT 2000/1-0 (45)}) (10... Be6 11. Bf4 $14) 11.
a3 Nxc3 12. bxc3 Nc6 13. cxd5 Qxd5 14. Re1 Bb7 15. Bd3 Rae8 $1 16. Qc2 (16. c4
Qh5 17. d5 Bd6 18. dxc6 (18. Bb2 Rxe1+ 19. Qxe1 Ne7 $11) 18... Rxe1+ 19. Qxe1
Bxc6 {[%cal Rf8e8,Re8e1]} 20. Be3 Bxf3 21. gxf3 Qxh2+ (21... Re8 $5) 22. Kf1
Re8 23. Ke2 Bf4 $13) 16... h6 (16... Qh5 17. Rb1 Nxd4 $1 18. cxd4 (18. Nxd4 Bd6
$40) 18... Bxf3 19. gxf3 Bd6 $40) 17. Bh7+ (17. Rb1 Bf6 18. Bf4 Qd8 19. Qd2 {
/\Bh6} Rxe1+ 20. Rxe1 Re8 21. Rxe8+ Qxe8 22. Bxc7 Qe7 {[%csl Ra3,Rc7][%cal
Re7c7,Re7a3]} 23. Qe3 $16 Qxc7 $4 24. Qe8#) 17... Kh8 18. Be4 Qd8 $2 (18... Qh5
$142 19. Ne5 Bd6 20. Bf3 Qh4 21. Nxf7+ (21. g3 Qf6) 21... Kg8 22. Nxh6+ Kh8 23.
Nf7+ $11 Kg8 24. Rxe8 $4 Qxh2+ 25. Kf1 Qh1+ 26. Ke2 Rxe8+ $19) 19. Bb2 $2 (19.
Qa4 $1 a6 (19... Qa8 20. d5 Na5 21. Bxh6 $1 gxh6 (21... Bxd5 22. Bxd5 Qxd5 23.
Bxg7+ Kxg7 24. Qg4+ Kh7 25. Re5 $18) 22. Qd4+ Kg8 23. Bc2 $40) 20. Bxc6 b5 21.
Bxb5 axb5 22. Qxb5 Bxf3 23. gxf3 Bd6 24. Rxe8 Rxe8 25. Be3 Re6 26. Qh5 $16)
19... Bf6 20. c4 Na5 21. Bxb7 Nxb7 1/2-1/2